000 nam a22 7a 4500
999 _c9336
_d9336
008 180127b ||||| |||| 00| 0 eng d
100 _aRohit
_95518
245 _aScience-X CBSE Sample Paper
260 _aNew Delhi
_bRohit
_c2008